|
|
|
|
| LEADER |
01386nam a2200361 a 4500 |
| 001 |
000085657 |
| 003 |
CZ BrMZK |
| 005 |
20230914072550.0 |
| 008 |
960815s1996 xr e c cze d |
| 040 |
|
|
|a BOA001
|b cze
|
| 043 |
|
|
|a e-xr---
|b e-xr-pg
|2 czenas
|
| 045 |
|
|
|a x9x9
|
| 072 |
|
7 |
|a 004
|x Počítačová věda. Výpočetní technika. Informační technologie
|2 Konspekt
|9 23
|
| 080 |
|
|
|a 621.39
|2 MRF
|
| 080 |
|
|
|a 004
|2 MRF
|
| 080 |
|
|
|a 339.174
|2 MRF
|
| 080 |
|
|
|a (437.311)
|2 MRF
|
| 080 |
|
|
|a (083.81)
|2 MRF
|
| 245 |
0 |
0 |
|a COMPEX Ostrava '96 :
|b odborný program k Mezinárodnímu veletrhu informačních technologií : Ostrava, Černá louka 21.-24.5.1996.
|
| 260 |
|
|
|a Ostrava :
|b Dům techniky Ostrava,
|c 1996
|
| 300 |
|
|
|a 21 s. ;
|c 21 cm
|
| 611 |
2 |
7 |
|a Compex (veletrh)
|n (1. :
|d 1996 :
|c Praha, Česko)
|7 kn20060606005
|2 czenas
|
| 648 |
|
4 |
|a 1996
|
| 648 |
|
7 |
|a 1991-2000
|7 ch460587
|2 czenas
|
| 650 |
0 |
7 |
|a telekomunikace
|7 ph116420
|2 czenas
|
| 650 |
0 |
7 |
|a informační technologie
|7 ph121106
|2 czenas
|
| 650 |
0 |
7 |
|a veletrhy
|7 ph127011
|z Česko
|y 1991-2000
|2 czenas
|
| 651 |
|
7 |
|a Praha (Česko)
|7 ge118011
|2 czenas
|
| 655 |
|
7 |
|a katalogy výstav
|7 fd132536
|2 czenas
|
| 710 |
2 |
|
|a Dům umění (Ostrava, Česko)
|7 kn20050427017
|
| 910 |
|
|
|a BOA001
|b X-1022.946,'96
|
| 990 |
|
|
|a BK
|
| 996 |
7 |
|
|b 2610039514
|c X-1022.946,'96
|l MZK
|r Sklad / do 24 hodin
|n 2
|p p.v.
|w 000085657
|u 000010
|a 1
|e BOA001
|j MZK50
|s A
|